Oceňovanie vybraných účtovných prípadov nadobudnutia majetku účtovnej jednotky v roku 2018

Pokračovanie príspevku z predchádzajúceho čísla. Stanovenie reálnej hodnoty jednotlivej zložky majetku alebo záväzkov alebo súboru rovnorodých zložiek majetku alebo súboru rovnorodých zložiek záväzkov podľa zákona o účtovníctve.

Salvato in:
Dettagli Bibliografici
Autore principale: Pakšiová, Renáta, 1974-
Natura: Capitolo di libro
Lingua:slovacco
Soggetti:
Tags: Aggiungi Tag
Nessun Tag, puoi essere il primo ad aggiungerne!!

MARC

LEADER 00000naa a2200000 4500
001 0249908
005 20240502074012.1
041 0 |a slo 
044 |a SK 
245 1 0 |a Oceňovanie vybraných účtovných prípadov nadobudnutia majetku účtovnej jednotky v roku 2018  |c Renáta Pakšiová 
520 |a Pokračovanie príspevku z predchádzajúceho čísla. Stanovenie reálnej hodnoty jednotlivej zložky majetku alebo záväzkov alebo súboru rovnorodých zložiek majetku alebo súboru rovnorodých zložiek záväzkov podľa zákona o účtovníctve. 
610 2 0 |a oceňovanie 
610 2 0 |a jednotka účtovná 
610 2 0 |a hodnota reálna 
610 2 0 |a majetok 
610 2 0 |a záväzky 
610 2 0 |a pravidlá účtovné 
100 1 |a Pakšiová, Renáta, 1974-